[Event "Bundesliga 8889"]
[Site "Germany"]
[Date "1989.??.??"]
[Round "?.5"]
[White "Grathwohl, Roland"]
[Black "Gruen, Gerd Peter"]
[Result "1-0"]
[WhiteElo "2310"]
[BlackElo "2375"]
[PlyCount "91"]
[EventDate "1988.10.??"]
[EventType "team-tourn"]
[EventRounds "15"]
[EventCountry "GER"]
[SourceTitle "GER-chT"]
[Source "ChessBase"]
[SourceDate "1999.07.01"]
[SourceVersion "1"]
[SourceVersionDate "1999.07.01"]
[SourceQuality "1"]
[WhiteTeam "Heidelberg"]
[BlackTeam "Bielefeld"]
[WhiteTeamCountry "GER"]
[BlackTeamCountry "GER"]

1. Nf3 Nf6 2. b3 e6 3. Bb2 d5 4. e3 Be7 5. c4 0-0 6. Be2 b6 7. 0-0 Bb7 8. Qc2 c5 9. d3 Nc6 10. a3 Rc8 11. Nbd2 Re8 12. Rfe1 Bf8 13. Rac1 d4 14. exd4 cxd4 15. b4 e5 16. Bf1 Nd7 17. g3 a5 18. b5 Ncb8 19. Bg2 Qc7 20. Qd1 Nc5 21. Ne4 Nxe4 22. dxe4 Nd7 23. Re2 Qd6 24. Ne1 Qe6 25. Rec2 Nc5 26. Qe2 Na4 27. Qd3 Red8 28. f3 Nc5 29. Qf1 d3 30. Bh3 Qh6 31. Bxc8 Bxc8 32. Rd1 Bh3 33. Ng2 dxc2 34. Rxd8 Nb3 35. f4 Bxg2 36. Kxg2 exf4 37. Qd3 f3+ 38. Kxf3 Qh5+ 39. Kg2 f6 40. Qxc2 Nc5 41. Qd1 Qxd1 42. Rxd1 Nxe4 43. Bd4 Nc5 44. Bxc5 Bxc5 45. Rd5 Bxa3 46. c5 1-0

[Event "Bundesliga 8990"]
[Site "Germany"]
[Date "1989.??.??"]
[Round "?.4"]
[White "Grathwohl, Roland"]
[Black "Pichler, Juergen"]
[Result "0-1"]
[WhiteElo "2360"]
[BlackElo "2325"]
[PlyCount "114"]
[EventDate "1989.10.??"]
[EventType "team-tourn"]
[EventRounds "15"]
[EventCountry "GER"]
[SourceTitle "GER-chT"]
[Source "ChessBase"]
[SourceDate "1999.07.01"]
[SourceVersion "1"]
[SourceVersionDate "1999.07.01"]
[SourceQuality "1"]
[WhiteTeam "Heidelberg"]
[BlackTeam "Muenchen 36"]
[WhiteTeamCountry "GER"]
[BlackTeamCountry "GER"]

1. Nf3 Nf6 2. b3 d5 3. Bb2 Bg4 4. e3 e6 5. Be2 Be7 6. 0-0 0-0 7. d3 a5 8. a3 Nbd7 9. Nbd2 c6 10. c4 Qb6 11. Qc2 Rfc8 12. Rac1 Qd8 13. Qb1 Qf8 14. Qa2 h6 15. h3 Bh5 16. Rfe1 Bg6 17. Bf1 Rd8 18. d4 Ne4 19. Nxe4 Bxe4 20. Nd2 Bg6 21. c5 e5 22. Bc3 Re8 23. Qb2 exd4 24. exd4 Bf6 25. b4 axb4 26. axb4 Rxe1 27. Rxe1 Qb8 28. Nb3 Nf8 29. b5 Ne6 30. Ra1 Rxa1 31. Qxa1 Bc2 32. Na5 cxb5 33. Qb2 Ba4 34. Bxb5 Bxb5 35. Qxb5 Bxd4 36. Bxd4 Nxd4 37. Qxb7 Qxb7 38. Nxb7 Kf8 39. f3 Ke7 40. Kf2 Kd7 41. Ke3 Ne6 42. Na5 Nxc5 43. f4 g6 44. f5 gxf5 45. Kf4 Ke6 46. Nc6 Kf6 47. Nb4 Ne6+ 48. Ke3 Ke5 49. Nd3+ Kd6 50. h4 d4+ 51. Kf3 h5 52. g3 f6 53. Ke2 Kd5 54. Nf2 Kc4 55. Nd3 Kc3 56. Nf2 Nc5 57. Kf3 Ne4 0-1